Sông ngòi Việt Nam
Khái quát: quan niệm, vai trò, lịch sử nghiên cứu sông ngòi. Các nhân tố sông ngòi. Các hệ thống và đặc trưng hình thái cơ bản của sông ngòi. Cửa sông. Phân loại, mô hình hoá và phân vùng sông ngòi. Các hệ thống sông quan trọng ở Việt Nam....
שמור ב:
| מחבר ראשי: | |
|---|---|
| פורמט: | ספר |
| שפה: | Vietnamese |
| יצא לאור: |
H.
Đại học Quốc gia Hà Nội
1997
|
| נושאים: | |
| תגים: |
הוספת תג
אין תגיות, היה/י הראשונ/ה לתייג את הרשומה!
|
| Thư viện lưu trữ: | Mạng thư viện Đại học Đà Nẵng |
|---|
| LEADER | 01506nam a2200373 4500 | ||
|---|---|---|---|
| 001 | 000008676 | ||
| 003 | 4868 | ||
| 005 | 20111019141031.0 | ||
| 008 | 111019s1997 viesd | ||
| 020 | |c 22500đ | ||
| 041 | 0 | |a vie | |
| 082 | |a 551.48 |b NG-Â | ||
| 100 | 0 | |a Nguyễn Văn Âu | |
| 245 | 0 | |a Sông ngòi Việt Nam |c Nguyễn Văn Âu | |
| 260 | |a H. |b Đại học Quốc gia Hà Nội |c 1997 | ||
| 300 | |a 260tr. |b minh họa; bản đồ |c 21 cm | ||
| 500 | |a ĐTTS ghi: Đại học sư phạm. Đại học quốc gia Hà Nội | ||
| 520 | |a Khái quát: quan niệm, vai trò, lịch sử nghiên cứu sông ngòi. Các nhân tố sông ngòi. Các hệ thống và đặc trưng hình thái cơ bản của sông ngòi. Cửa sông. Phân loại, mô hình hoá và phân vùng sông ngòi. Các hệ thống sông quan trọng ở Việt Nam. | ||
| 653 | |a Địa lí | ||
| 653 | |a Việt Nam | ||
| 653 | |a sông ngòi | ||
| 653 | |a giáo trình | ||
| 700 | |a Nguyễn Văn Âu |e Tác giả | ||
| 910 | |a Thanh |d 19/10/2011 | ||
| OWN | |a LSP | ||
| AVA | |a UDN50 |b LSP |d 551.48 NG-Â |e check_holdings |t Error 5003 Not defined in file expand_doc_bib_avail. |h N |k 1 | ||
| 999 | |a From the UDN01 | ||
| AVA | |a UDN50 |b LSP |d 551.48 NG-Â |e available |t Error 5001 Not defined in file expand_doc_bib_avail. |f 100 |g 0 |h N |i 5 |k 1 | ||
| TYP | |a Monograph | ||
| TYP | |a Printed language | ||
| 980 | |a Mạng thư viện Đại học Đà Nẵng | ||